00441nam a2200181Ia 4500003000400000005001700004008004100021020001600062040000700078041000800085082001900093100003000112245004500142250000600187260004500193300000700238365001400245OSt20230509171806.0210423s2008 xx 000 0 und d a80459627130 cAL aeng a576 223bWILJ aWILLEY (Joanne M);others. aPrescott Harley and Kleins microbiology. a7 aNew DelhibOxford University Pressc2008 bPB b1306cINR